00961nam a2200217 a 450000100100000000500170001000800410002702000150006804000250008308200140010810000310012224500880015326001100024130000330035149000620038450000640044670000350051083000690054595201120061499900170072600004183520201002035801.0131018s1992 sp a 000 0 spa d a8400072804 aDO-SdBNPbspacBNPHU axxxbC1721 aCamacho, Ana Isabel96871310aThe Natural History of Biospeleology /cAna Isabel Camacho ; foreword Pere Alberch. aMadrid :bMuseo Nacional de Ciencias Naturales, Consejo Superior de Investigaciones Científicas,c1992. axxi, 680 p. :bil. ;c24 cm.1 aMonografías del museo nacional de ciencias naturalesv7 aIncludes bibliographical references and footnotes on pages.12aPere, Albercheforeword968714 0aMonografías del museo nacional de ciencias naturalesn7968715 001050718MOaGRbGRcCTd2013-10-18iLF1l0oxxx C172p41835-10r2020-06-25w2020-06-25y1ZNo se presta c41324d41324